| 000 | nam a22 7a 4500 | ||
|---|---|---|---|
| 999 |
_c7083 _d7083 |
||
| 005 | 20190213063320.0 | ||
| 008 | 190213b xxu||||| |||| 00| 0 eng d | ||
| 020 |
_a9789712720505 _bpaperback |
||
| 040 |
_beng _cAPEC Schools Library _erda |
||
| 082 |
_aF 372.37 _bB642o 2008 |
||
| 100 | _aBonito, Shiela R. | ||
| 245 |
_aGuide for teaching health and wellness : _ba sourcebook for teachers 1 / _cShiela R. Bonito _cArceli V. Ocampo-Balabagno _cTeresita Irgo-Barcelo |
||
| 264 |
_aPasig City : _bAnvil Publishing, Inc., _c©2008. |
||
| 300 |
_ax, 80 pages ; _c22 cm. |
||
| 336 |
_2rdacontent _atext |
||
| 337 |
_2rdamedia _aunmediated |
||
| 338 |
_2rdacarrier _avolume |
||
| 504 | _aIncludes bibliographical references and index. | ||
| 600 | _aOcampo-Balabagno, Araceli V. | ||
| 600 | _aIrgo-Barcelo, Teresita | ||
| 650 | _aHealth education--Philippines. | ||
| 942 |
_2ddc _cBK |
||